| 000 | 01388nam a2200229Ia 4500 | ||
|---|---|---|---|
| 003 | Ost | ||
| 005 | 20260507074849.0 | ||
| 008 | 260507s9999||||xx |||||||||||||| ||und|| | ||
| 040 | _cfsecg | ||
| 041 | _aara | ||
| 082 | _a657.42 | ||
| 100 |
_aميجر، روبرت _eمؤلف |
||
| 245 | 0 |
_aالمحاسبة أساس لقرارات الأعمال : _bالجزء الثاني / _c روبرت ميجر |
|
| 260 |
_aالرياض: _bدار المريخ للنشر, _c2006 |
||
| 300 |
_a453 صفحة؛ _bإيضاحات ؛ _c28 سم |
||
| 520 | _aيضم الكتاب في جزئه الثاني الأعمال الدولية والمحاسبية، المحاسبة الاداريةفيما يخص شريك الأعمال، نظم المحاسبة لقياس التكاليف، تحديد التكلفة وسلسلة القيمة، تحليل العلاقة بين التكلفة وسلسلة القيمة الحجم والربح، التحليل التفاضلي، محاسبة المسؤولية وتقييم الأداء، اعداد الموازنة التشغيلية، نظم التكاليف المعيارية، اعداد الموازنة الرأسمالية. | ||
| 653 | _aالمحاسبة | ||
| 653 | _aالمحاسبة الإدارية | ||
| 653 | _aمحاسبة التكاليف | ||
| 700 |
_aهاكا، سوازان وآخرون _eمؤلف ثانوي |
||
| 942 | _cكتاب | ||
| 999 |
_c41550 _d41550 |
||